Największe miasta w Polsce pod względem ludności - Statystyki

Ogólne statystyki
  • Ten quiz został rozwiązany 156 razy
  • Średni wynik to 23 z 30
Statystyki odpowiedzi
Hint Odpowiedź % Poprawnych
767tys Kraków
99%
538tys Poznań
99%
1,76mln Warszawa
99%
464tys Gdańsk
96%
246tys Gdynia
96%
690tys Łódź
96%
638tys Wrocław
96%
296tys Katowice
93%
403tys Szczecin
93%
352tys Bydgoszcz
90%
297tys Bialystok
89%
339tys Lublin
88%
189tys Rzeszów
88%
202tys Toruń
88%
196tys Kielce
80%
173tys Olsztyn
77%
214tys Radom
77%
139tys Zielona Góra
75%
224tys Częstochowa
73%
124tys Opole
73%
181tys Gliwice
72%
124tys Gorzów Wielkopolski
71%
204tys Sosnowiec
70%
174tys Zabrze
69%
168tys Bytom
49%
171tys Bielsko-Biała
47%
128tys Tychy
47%
121tys Dąbrowa Górnicza
41%
139tys Rybnik
41%
138tys Ruda Śląska
38%
Nie znaleziono quizów pasujących do podanych kryteriów
Rozkład punktacji
Procent ludzi z każdym wynikiem
Percentyl według liczby udzielonych odpowiedzi
Twoja historia wyników
Nie rozwiązałeś tego quizu